| 000 | 00482nam a2200169 4500 | ||
|---|---|---|---|
| 001 | 144060 | ||
| 003 | ES-MaACL | ||
| 005 | 20230906200932.0 | ||
| 007 | t| | ||
| 008 | 070214s1980 sp r ||||1| eng d | ||
| 100 | 1 |
_aShu Hui. _9106169 |
|
| 245 | 1 | 0 |
_aYouth problems of mainland China / _cShu Hui. |
| 260 |
_a[s.l.] : _bWorld Anti-Communist League, _c1980. |
||
| 300 |
_a67 p. ; _c19 cm. |
||
| 710 | 2 |
_aWorld Anti-Communist League. _97573 |
|
| 852 |
_aES-MaACL _jC-51120 _bR.100650 |
||
| 999 |
_c144060 _d144060 |
||